=LDR 00000nam 2200000 4500 =001 INLIS000000000049573 =005 20170301140503.0 =006 =007 =008 =020 ##$$a 978-602-279-146-1 =035 ##$$0010-031700000000018 =040 ##$$a NBPDMAT =082 ##$$a 346.07 =090 ##$$a R.346.07 $bInd k =100 ##$$a Indonesia =245 ##$$a KUHD $b: Kitab Undang-undang hukum dagang (Wetboek van koophandel voor Indonesie)$c/Indonesia =250 ##$$a Cet. 1 =260 ##$$a Yogyakarta $b Saufa $c 2015 =300 ##$$a 324 hlm. ; $c 24 cm =650 ##$$a Hukum Dagang =850 ##$$a NBPDMAT =990 ##$$a 21606201 =990 ##$$a 21606202